Federalismo y descentralización (Registro nro. 64567)
[ vista simple ]
| 000 -LEADER | |
|---|---|
| fixed length control field | 00961nam a22002657a 4500 |
| 005 - DATE AND TIME OF LATEST TRANSACTION | |
| control field | 20240219125342.0 |
| 008 - FIXED-LENGTH DATA ELEMENTS--GENERAL INFORMATION | |
| fixed length control field | 181130t mx a gr|||| 00| 0 spa|| |
| 020 ## - INTERNATIONAL STANDARD BOOK NUMBER | |
| International Standard Book Number | 9789709790078 |
| 050 04 - LIBRARY OF CONGRESS CALL NUMBER | |
| Classification number | JC355 |
| Item number | F43 2008 |
| 245 00 - TITLE STATEMENT | |
| Title | Federalismo y descentralización |
| Statement of responsibility, etc | / Daniel Barceló Rojas,...[et al.]. |
| 250 ## - EDITION STATEMENT | |
| Edition statement | 1a ed. |
| 260 ## - PUBLICATION, DISTRIBUTION, ETC. (IMPRINT) | |
| Place of publication, distribution, etc | México : |
| Name of publisher, distributor, etc | Conferencia Nacional de Gobernadores, |
| Date of publication, distribution, etc | 2008 |
| 300 ## - PHYSICAL DESCRIPTION | |
| Extent | 262 p. : |
| Other physical details | il. ; |
| Dimensions | 21 cm. |
| 504 ## - BIBLIOGRAPHY, ETC. NOTE | |
| Bibliography, etc | Incluye bibliografías |
| 650 #7 - SUBJECT ADDED ENTRY--TOPICAL TERM | |
| Source of heading or term | lemb |
| Topical term or geographic name as entry element | Descentralización |
| General subdivision | Gobierno |
| -- | Formas del Estado |
| 650 #7 - SUBJECT ADDED ENTRY--TOPICAL TERM | |
| Source of heading or term | lemb |
| Topical term or geographic name as entry element | Teoría política |
| General subdivision | Estado federal |
| 650 #7 - SUBJECT ADDED ENTRY--TOPICAL TERM | |
| Source of heading or term | lemb |
| Topical term or geographic name as entry element | Federalismo |
| General subdivision | Teorías del Estado |
| 700 1# - ADDED ENTRY--PERSONAL NAME | |
| Personal name | Barceló Rojas, Daniel, |
| Relator term | autor. |
| 700 1# - ADDED ENTRY--PERSONAL NAME | |
| Personal name | Cabrero Mendoza, Enrique, |
| Relator term | autor. |
| 700 1# - ADDED ENTRY--PERSONAL NAME | |
| Personal name | Cerdio, Jorge, |
| Relator term | autor. |
| 700 1# - ADDED ENTRY--PERSONAL NAME | |
| Personal name | Cejudo, Guillermo, |
| Relator term | autor. |
| 700 1# - ADDED ENTRY--PERSONAL NAME | |
| Personal name | Merino Huerta, Mauricio, |
| Relator term | autor. |
| 700 1# - ADDED ENTRY--PERSONAL NAME | |
| Personal name | Nieto Morales, Fernando, |
| Relator term | autor. |
| 942 ## - ADDED ENTRY ELEMENTS (KOHA) | |
| Source of classification or shelving scheme | Biblioteca del Cogreso de los Estados Unidos |
| Koha item type | Libro |
| Estado de pérdida | Fuente de clasificación | Estado del daño | No para préstamo | Ubicación permanente | Ubicación actual | Apartado o colección | Fecha de adquisición | Edición | Dependencia de educación superior (DES) | Área del conocimiento | Clasificación | Código de Barras | Date last seen | Número de copia | Costo por reposición | Tipo de recurso |
|---|---|---|---|---|---|---|---|---|---|---|---|---|---|---|---|---|
| Biblioteca del Cogreso de los Estados Unidos | Biblioteca de la Facultad de Derecho y Ciencias Sociales "Felipe J. Tena" | Biblioteca de la Facultad de Derecho y Ciencias Sociales "Felipe J. Tena" | General | 04/03/2020 | 1a ed. | Derecho | Ciencias Sociales y Administrativas | JC355 F43 2008 | BFD000012052 | 04/03/2020 | 1 | 1.00 | Libro | |||
| Biblioteca del Cogreso de los Estados Unidos | Uso interno Biblioteca | Biblioteca de la Facultad de Economía | Biblioteca de la Facultad de Economía | General | 19/02/2024 | 1a ed. | Ciencias Económico Administrativas | Ciencias Sociales y Administrativas | JC355 F43 2008 | BFE000015400 | 30/11/2018 | 1 | 1.00 | Libro |